El desconocido Tibet / (Record no. 97213)

MARC details
000 -LEADER
campo de control de longitud fija 00718nam a2200229 i 4500
001 - NÚMERO DE CONTROL
campo de control 97213
003 - IDENTIFICADOR DE NÚMERO DE CONTROL
campo de control ES-MaACL
005 - FECHA Y HORA DE LA ÚLTIMA TRANSACCIÓN
campo de control 20250928113710.0
007 - CAMPO FIJO DE DESCRIPCIÓN FÍSICA--INFORMACIÓN GENERAL
campo de control de longitud fija t|
008 - DATOS DE LONGITUD FIJA--INFORMACIÓN GENERAL
campo de control de longitud fija 050708s1952 sp ||||1| spa d
100 1# - ENTRADA PRINCIPAL--NOMBRE DE PERSONA
Nombre de persona Maraini, Fosco.
9 (RLIN) 76297
245 13 - MENCIÓN DEL TÍTULO
Título El desconocido Tibet /
Mención de responsabilidad, etc. Fosco Maraini; [traducción del italiano por Noel Clarasó].
250 ## - MENCION DE EDICION
Mención de edición [1ª ed.].
260 ## - PUBLICACIÓN, DISTRIBUCIÓN, ETC.
Lugar de publicación, distribución, etc. Barcelona :
Nombre del editor, distribuidor, etc. Aymá,
Fecha de publicación, distribución, etc. 1952.
300 ## - DESCRIPCIÓN FÍSICA
Extensión 1 lám., 255 p., lám. 1-60 ;
Dimensiones 22 cm.
490 1# - MENCIÓN DE SERIE
Mención de serie Los caminos de la vida
651 #7 - PUNTO DE ACCESO ADICIONAL DE MATERIA--NOMBRE GEOGRÁFICO
Nombre geográfico Tíbet-
Subdivisión general Descripción
Fuente del encabezamiento o término
9 (RLIN) 158287
700 1# - ENTRADA AGREGADA--NOMBRE PERSONAL
Nombre de persona Clarasó, Noel,
Fechas asociadas al nombre 1899-1985
9 (RLIN) 39003
830 04 - PUNTO DE ACCESO ADICIONAL DE SERIE-TÍTULO UNIFORME
Título uniforme Los caminos de la vida
9 (RLIN) 182340
852 ## - LOCALIZACIÓN
Ubicación ES-MaACL
Número de control de estantería D-8028
Holdings
Estatus retirado Estado de pérdida Estado de daño No para préstamo Biblioteca de origen Biblioteca actual Ubicación en estantería Fecha de adquisición Fuente de adquisición Total de préstamos Signatura topográfica completa Código de barras Visto por última vez Precio de reemplazo Tipo de ítem Koha
        Biblioteca del Ateneo de Madrid Biblioteca del Ateneo de Madrid Sala Valle Inclán 17/01/2008     D-8028 901101487 23/02/2023 23/02/2023 Libro impreso